000
00288nam a2200133Ia 4500
100
_a
Murphy James
942
_c
BK
654
_a
Metals
245
_a
Surface Preparation & Finishes For Metals
260
_b
Mc Graw Hill
_c
2001
082
_a
671.7
300
_a
493
546
_a
ENGLISH
999
_c
24615
_d
24615